000 00845cab a2200253 4500
001 WB3020-24
008 090401t1994 xxu||||| |||| 00| 0 eng d
035 _a(Sirsi) u58353
041 _aeng
245 _aProvisional registration stops time running
260 _c1994
350 _a0
490 _aTimes
_v26 May 1994, 36(1)
520 _aIn "Dynevor v Richardson" ChD 17 May 1994, held that registration of land as common land would preclude time running in favour of a person claiming a right to use such land by means of an application of lost modern grant.
650 _aCEGB V CLWYD CC
650 _aCOMMON LAND
650 _aCOMMONS REGISTRATION ACT 1965 S4
650 _aDALTON V ANGUS AND CO
650 _aLOST MODERN GRANT
650 _aREGISTRATION
690 _aLAND-CASE LAW
942 _n0
948 _c04/03/1997
999 _c35611
_d35611